00550nam a22001697a 450000500170000001000130001702000250003003500110005503700130006608200100007910000280008924500510011724600450016826000520021327000920026530000230035720201023161845.0 aUR-10908 c76.00a9789389733013 aU-9463 bDBAD/PUB a305.1 dا حسا ن عا لم  aبچو ں کے سنگcا حسا ن عا لم  bBachchon Ke Sang (Urdu)aby Ahsan Alam  aN.Delhi bEducational Publishing Housec2019 ء aH.O.D1/16,Ansari Road,Darya ganj,bN.Delhie110002k45678285,23216162l0091-11-23211540 a104 ص c22 Cm(Hb)